"H" Cities in the United States - Statistics

General Stats
  • This quiz has been taken 74 times
  • The average score is 8 of 13
Answer Stats
State Population Answer % Correct
Texas 2,304,580 Houston
100%
Hawaii 350,964 Honolulu
98%
Connecticut 121,054 Hartford
83%
Alabama 215,006 Huntsville
83%
Nevada 317,610 Henderson
82%
Florida 223,109 Hialeah
74%
California 198,711 Huntington Beach
58%
Virginia 137,148 Hampton
46%
Oregon 106,447 Hillsboro
40%
Florida 153,067 Hollywood
32%
North Carolina 114,059 High Point
31%
California 162,954 Hayward
29%
Colorado 103,444 Highlands Ranch
9%
No matching quizzes found
Score Distribution
Percent of People with Each Score
Percentile by Number Answered
Your Score History
You have not taken this quiz